Statistics for Top 10 Countries with the Most Buffaloes

Click here to take the quiz!

General Stats

  • This quiz has been taken 411 times
  • The average score is 7 of 10

Answer Stats

# BuffaloesCountry% Correct
23.80 milChina
98%
110 milIndia
97%
34.6 milPakistan
84%
1.32 milIndonesia
78%
1.5 milBangladesh
76%
2.51 milVietnam
74%
3.43 milMyanmar
72%
5.18 milNepal
61%
2.84 milPhilippines
54%
3.96 milEgypt
25%

Score Distribution

Percentile by Number Answered

Percent of People with Each Score

Your Score History

You have not taken this quiz